| 000 | 00422nam a2200181Ia 4500 | ||
|---|---|---|---|
| 001 | 22237 | ||
| 005 | 20260414150818.0 | ||
| 008 | 260414t2015||||xx |||||||||||||| ||spa|| | ||
| 041 | _aESP | ||
| 082 |
_a621.3 _bA37 |
||
| 100 |
_aAlcalde San Miguel, Pablo _eAUT |
||
| 245 | 0 |
_aElectrónica _b |
|
| 260 | _c2015 | ||
| 300 |
_axiv, 279 páginas : _c27 cm. |
||
| 650 | _aTCA | ||
| 654 | _aCET | ||
| 942 |
_cLIB _dJUS _fJUS _2ddc _n |
||
| 999 |
_c22237 _d22237 |
||